000 00818nam a22002297a 4500
999 _c18527
_d18527
003 AR-CdUCM
008 190514b ||||| |||| 00| 0 spa d
040 _aMUNICIPALIDAD PROVINCIAL DEL CUSCO
_cBIBLIOTECA MUNICIPAL DEL CUSCO
082 _a400 /
_bH59
100 _aHjelmslev, Louis
_939168
245 _aEl lenguaje /
260 _aMadrid :
_bGredos,
_c1971.
300 _a193 páginas ;
_c20 cm.
440 _aBiblioteca románica hispánica
_920948
505 _aContenido : Observaciones preliminares -- La función lingüística -- El parentesco lingüístico genético -- La estructura y el uso de la lengua ...
650 _aLingüística
_91640
650 _aLengua
_92065
650 _aEspañola
_924066
700 _aMaría Victoria Catalina
_939169
942 _2ddc
_cLIBROS
945 _arah
_d2019/05/14